Sports Quiz

Random Sports or Football Quiz
Score 0/11 Timer 03:00
0 Plays Today
School Stadium % Correct
University of MichiganMichigan Stadium
84.3%
Penn State UniversityBeaver Stadium
78.7%
Ohio State UniversityOhio Stadium
76.7%
University of WisconsinCamp Randall Stadium
76.7%
University of IowaKinnick Stadium
65.5%
Michigan State UniversitySpartan Stadium
61.4%
University of IllinoisMemorial Stadium
58.2%
Indiana UniversityMemorial Stadium
53.8%
Purdue UniversityRoss-Ade Stadium
45.4%
Northwestern UniversityRyan Field
45%
University of MinnesotaTCF Bank Stadium
42.6%

You're not logged in!

Compare scores with friends on all Sporcle quizzes.
OR
Log In

Sporcle TV

Today on Sporcle TV


Watch our educational content, quiz creation guides, and fun videos on Sporcle TV.

Show Comments

Extras

Top Quizzes Today


Score Distribution

Paid Content

Your Account Isn't Verified!

In order to create a playlist on Sporcle, you need to verify the email address you used during registration. Go to your Sporcle Settings to finish the process.

Report this User

Report this user for behavior that violates our Community Guidelines.

Details: